German States - Sudden Death - Statistics

General Stats
  • This quiz has been taken 46 times
  • The average score is 11 of 16
Answers on the Grid
Answers color-coded by a green-red scale on the quiz's grid according to % correct below.
Alpes
Baden-Württemberg
Bavaria
Berlin
Brandenburg
Bremen
Cologne-Bonn
Flanders
Franconia
Hamburg
Hesse
Hohenzollern
Holland
Limburg
Lower Saxony
Mecklenburg–Western Pomerania
Munich
North Rhine-Westphalia
Pomerania
Rhineland-Palatinate
Ruhr
Saarland
Sauerland
Saxony
Saxony-Anhalt
Schleswig-Holstein
Schwarzwald
Silesia
Swabia
Thuringia
 
Answer Stats
Answer % Correct
Bavaria
90%
Baden-Württemberg
84%
Berlin
77%
Brandenburg
71%
Bremen
71%
Hamburg
68%
Lower Saxony
68%
North Rhine-Westphalia
68%
Saxony
68%
Schleswig-Holstein
68%
Saarland
61%
Saxony-Anhalt
61%
Hesse
58%
Thuringia
58%
Mecklenburg–Western Pomerania
52%
Rhineland-Palatinate
52%
No matching quizzes found
Score Distribution
Percent of People with Each Score
Percentile by Number Answered
Your Score History
You have not taken this quiz